Уруугаа ургасан мод (Бичлэгийн дугаар. 1007764)

MARC дэлгэрэнгүй
000 -Удирдлага
Ном зүйн бүртгэл тоо буюу кодлох утгыг агуулсан 00575nam a22002057a 4500
008 - ЕРӨНХИЙ МЭДЭЭЛЭЛ-ЭЛЕМЕНТҮҮДИЙН ӨГӨГДЛИЙН УРТ
fixed length control field 240620b mp ||||| |||| 00| 0 mon d
035 ## - СИСТЕМИЙН ХЯНАЛТЫН ДУГААР
Системийн хяналтын дугаар 3710
040 ## - ЭХ СУРВАЛЖИЙГ ТОДОРХОЙЛОН БИЧИХ
Анхны каталогийн байгууллага UM0146080
Каталогийн хэл Монгол
Бичлэг хийж нэвтрүүлэх байгууллага MN-UlNLM
Өөрчлүүлэх байгууллага MN-UlNLM
Бичиглэлийн тодорхойлолт rda
041 ## - ХЭЛНИЙ КОД
Текстийн хэлний код/фонограм буюу салангид гарчиг Монгол
042 ## - AUTHENTICATION CODE
Authentication code 7151
084 ## - БУСАД АНГИЛЛЫН ДУГААР
Ангиллын нэр Номын сан номзүйн ангилал
Анги 84/2Орос/
Зохиогчийн 3-н тэмдэгт Ч-207
100 ## - ЗОХИОГЧИЙН ХЭСЭГ
Зохиогчийн нэр Чандар К.
245 #0 - ҮНДСЭН ГАРЧИГ
Гарчиг Уруугаа ургасан мод
264 ## - ГАРАЛТЫН МЭДЭЭ
Хэвлэгдсэн газар Улаанбаатар
Бүтээгч, хэвлэгч, түгээгч, үйлдвэрлэгчийн нэр УХГ
Хэвлэгдсэн он 1958
300 ## - ТООНЫ МЭДЭЭ
Хуудасны тоо 87х.
336 ## - АГУУЛГЫН ТӨРӨЛ
Нөөц rdacontent
Агуулгын төрлийн нөхцөл text
Агуулгын төрлийн код txt
337 ## - MEDIA TYPE
Эх сурвалж rdamedia
Файлын төрөл unmediated
Файлын код n
338 ## - CARRIER TYPE
Source rdacarrier
Carrier type term volume
Carrier type code nc
942 ## - ЭЛЕМЕНТИЙН ТӨРӨЛ
Анги Номын сан номзүйн ангилал
Төрөл Ном
Захиалгууд
Буцаан татагдсан төлөв Хасагдсан шалтгаан Гэмтсэн төлөв Данс заагч Захиалах боломжгүй Үндсэн номын сан Одоогийн байршил Салбар танхим Салбар танхим Бүртгэсэн огноо Тавиурын заалт Баркод Үнэ Хамгийн сүүлд байсан огноо Нийт уншлаганд гарсан тоо Дансны дугаар Төрөл
          Өмнөговь аймаг Өмнөговь аймаг Өмнөговь | Хүүхдийн уншлагын танхим Өмнөговь | Хүүхдийн уншлагын танхим 2024-06-29 84/2Орос/ Ч-207 UM0143710-2-1 180.00 2024-06-29   19653 Ном
          Өмнөговь аймаг Өмнөговь аймаг Өмнөговь | Хүүхдийн уншлагын танхим Өмнөговь | Хүүхдийн уншлагын танхим 2024-06-29 84/2Орос/ Ч-207 UM0143710-2-2 180.00 2024-06-29   19654 Ном
          Өмнөговь аймаг Өмнөговь аймаг Өмнөговь | Хүүхдийн уншлагын танхим Өмнөговь | Хүүхдийн уншлагын танхим 2024-06-29 84/2Орос/ Ч-207 UM0143710-2-3 180.00 2024-06-29   22978 Ном
          Өмнөговь аймаг Өмнөговь аймаг Өмнөговь | Хүүхдийн уншлагын танхим Өмнөговь | Хүүхдийн уншлагын танхим 2024-06-29 84/2Орос/ Ч-207 UM0143710-2-4 180.00 2024-06-29   22979 Ном
          Өмнөговь аймаг Өмнөговь аймаг Өмнөговь | Гэрээр ном олгох Өмнөговь | Гэрээр ном олгох 2024-06-29 84/2Орос/ Ч-207 UM0143710-3-1 180.00 2024-06-29   19652 Ном
          Өмнөговь аймаг Өмнөговь аймаг Өмнөговь | Фонд Өмнөговь | Фонд 2024-06-29 84/2Орос/ Ч-207 UM0143710-5-1 180.00 2024-06-29   19648 Ном
          Өмнөговь аймаг Өмнөговь аймаг Өмнөговь | Фонд Өмнөговь | Фонд 2024-06-29 84/2Орос/ Ч-207 UM0143710-5-2 180.00 2024-06-29   19649 Ном
          Өмнөговь аймаг Өмнөговь аймаг Өмнөговь | Фонд Өмнөговь | Фонд 2024-06-29 84/2Орос/ Ч-207 UM0143710-5-3 180.00 2024-06-29   22977 Ном